header

Office markets & public policy (Record no. 62900)

MARC details
000 -LEADER
fixed length control field 01407nam a2200373 a 4500
082 04 - DEWEY DECIMAL CLASSIFICATION NUMBER
Classification number 333.33/87
100 1# - MAIN ENTRY--AUTHOR NAME
Personal name Jones, Colin,
245 10 - TITLE STATEMENT
Title Office markets & public policy
260 ## - PUBLICATION, DISTRIBUTION, ETC. (IMPRINT)
Place of publication Chichester, West Sussex :
Name of publisher John Wiley & Sons Inc.,
Year of publication 2013.
300 ## - PHYSICAL DESCRIPTION
Number of Pages viii, 236 p. :
Other physical details ill.
490 1# - SERIES STATEMENT
Series statement Real estate issues
650 #0 - SUBJECT ADDED ENTRY--TOPICAL TERM
Topical Term Office buildings.
Topical Term Central business districts.
Topical Term City planning.
Topical Term Land use, Urban.
856 40 - ELECTRONIC LOCATION AND ACCESS
Uniform Resource Identifier http://site.ebrary.com/lib/rucke/Doc?id=10671553

No items available.

© 2026 Rongo University
Contact us: librarian | system librarian | Rongo university